Tratado de derecho civil / (Record no. 59820)

MARC details
000 -LEADER
campo de control de longitud fija 00820nam a2200241 i 4500
001 - NÚMERO DE CONTROL
campo de control 59820
003 - IDENTIFICADOR DE NÚMERO DE CONTROL
campo de control ES-MaACL
005 - FECHA Y HORA DE LA ÚLTIMA TRANSACCIÓN
campo de control 20230906164114.0
007 - CAMPO FIJO DE DESCRIPCIÓN FÍSICA--INFORMACIÓN GENERAL
campo de control de longitud fija t|
008 - DATOS DE LONGITUD FIJA--INFORMACIÓN GENERAL
campo de control de longitud fija 031031s1971 sp ||||1| spa d
100 1# - ENTRADA PRINCIPAL--NOMBRE DE PERSONA
Nombre de persona Enneccerus, Ludwig.
9 (RLIN) 47250
245 10 - MENCIÓN DEL TÍTULO
Título Tratado de derecho civil /
Mención de responsabilidad, etc. por Ludwig Enneccerus, Theodor Kipp y Martin Wolff ; traducción con anotaciones de Blas Pérez González y José Alguer.
250 ## - MENCION DE EDICION
Mención de edición 3ª ed.
260 ## - PUBLICACIÓN, DISTRIBUCIÓN, ETC.
Lugar de publicación, distribución, etc. Barcelona :
Nombre del editor, distribuidor, etc. Bosch,
Fecha de publicación, distribución, etc. [1971]
300 ## - DESCRIPCIÓN FÍSICA
Extensión 1 t. en 2 v. ;
Dimensiones 25 cm.
505 8# - NOTA DE CONTENIDO CON FORMATO
Nota de contenido con formato Contiene: T. III: Derecho de cosas / por Martin Wolff
700 1# - ENTRADA AGREGADA--NOMBRE PERSONAL
Nombre de persona Kipp, Theodor.
9 (RLIN) 68088
700 1# - ENTRADA AGREGADA--NOMBRE PERSONAL
Nombre de persona Wolff, Martin.
9 (RLIN) 117259
700 1# - ENTRADA AGREGADA--NOMBRE PERSONAL
Nombre de persona Pérez González, Blas.
9 (RLIN) 90910
700 1# - ENTRADA AGREGADA--NOMBRE PERSONAL
Nombre de persona Alguer, José.
9 (RLIN) 19907
740 0# - ENTRADA AGREGADA--TÍTULO RELACIONADO/ANALÍTICO NO CONTROLADO
Título relacionado o analítico no controlado Derecho de cosas.
852 ## - LOCALIZACIÓN
Ubicación ES-MaACL
Número de control de estantería P-1517
Sublocalización o colección R.78373
Holdings
Estatus retirado Estado de pérdida Estado de daño No para préstamo Biblioteca de origen Biblioteca actual Ubicación en estantería Fecha de adquisición Fuente de adquisición Total de préstamos Signatura topográfica completa Código de barras Visto por última vez Precio de reemplazo Tipo de ítem Koha
        Biblioteca del Ateneo de Madrid Biblioteca del Ateneo de Madrid Depósito 2 17/01/2008     P-1517 1062740 23/02/2023 23/02/2023 Libro impreso